Library of the University of Algiers 3
Ibrahim Sultan Cheibout
شعار جامعة الجزائر 3
مكتبة جامعة الجزائر 3
إبراهيم سلطان شيبوط

التسويق الإجتماعي : (رقم التسجيلة. 45647)

تفاصيل مارك
000 -LEADER
fixed length control field 01517nam a2200241Ia 4500
003 - CONTROL NUMBER IDENTIFIER
control field Ost
005 - DATE AND TIME OF LATEST TRANSACTION
control field 20260507075653.0
008 - FIXED-LENGTH DATA ELEMENTS--GENERAL INFORMATION
fixed length control field 260507s9999||||xx |||||||||||||| ||und||
020 ## - INTERNATIONAL STANDARD BOOK NUMBER
International Standard Book Number 1394119957
040 ## - CATALOGING SOURCE
Transcribing agency fsecg
041 ## - LANGUAGE CODE
Language code of text/sound track or separate title ara
082 ## - DEWEY DECIMAL CLASSIFICATION NUMBER
Classification number 658.8
100 ## - MAIN ENTRY--PERSONAL NAME
Personal name عبيدات، محمد إبراهيم
Relator term مؤلف
245 #0 - TITLE STATEMENT
Title التسويق الإجتماعي :
Remainder of title الأخضر والبيئي /
Statement of responsibility, etc. محمد إبراهيم عبيدات
260 ## - PUBLICATION, DISTRIBUTION, ETC.
Place of publication, distribution, etc. عمان:
Name of publisher, distributor, etc. دار وائل للنشر والتوزيع,
Date of publication, distribution, etc. 2004
300 ## - PHYSICAL DESCRIPTION
Extent 239 صفحة؛
Other physical details إيضاحات ؛
Dimensions 24 سم
504 ## - BIBLIOGRAPHY, ETC. NOTE
Bibliography, etc. note الملاحق ص.213 المراجع ص.237
520 ## - SUMMARY, ETC.
Summary, etc. طبيعة التغير الإجتماعي ودوره في تغيير السلوك- التسويق الإجتماعي كإستراتيجية للتغير الإجتماعي- بحوث واستراتيجيات التسويق الإجتماعي- استراتيجيات المزيج التسويقي الإجتماعي- إدارة برامج التسويق الإجتماعي- دور التسويق الإجتماعي في القطاع الزراعي- دور التسويق الإجتماعي في الصناعة- التسويق الإجتماعي في قطاع السياحة- التسويق الإجتماعي في قطاع الخدمات- دور المنظمات غير الحكومية في مجال التسويق الإجتماعي.
653 ## - INDEX TERM--UNCONTROLLED
Uncontrolled term البيئة
653 ## - INDEX TERM--UNCONTROLLED
Uncontrolled term التسويق
653 ## - INDEX TERM--UNCONTROLLED
Uncontrolled term التغير الإجتماعي
942 ## - ADDED ENTRY ELEMENTS (KOHA)
Koha item type كتب

لا توجد مواد متاحة.

موارد الويب المفتوحة


© University of Algiers 3 All Rights Reserved
|
Implemented by LECHELAH Riad